| 000 | 01381nam a2200349 a 4500 | ||
|---|---|---|---|
| 001 | |||
| 003 | DO-SdBNP | ||
| 005 | 20240221102306.0 | ||
| 008 | 100408s2008 dr a 001 0 spa d | ||
| 020 | _a9789945020533 (v.1) | ||
| 020 | _a9789945020540 (v.2) | ||
| 040 |
_aDO-SdBNP _bspa _cBPMSU |
||
| 082 |
_aRD868.2 _bB598e 2008 _222 |
||
| 100 | 1 |
_aBillini, Hipólito, _d1850-1903 |
|
| 245 | 1 | 0 |
_aEscritos : _bcosas, cartas y ... otras cosas / _cHipólito Billini ; editor Andrés Blanco Díaz. |
| 260 |
_aSanto Domingo : _bArchivo General de la Nación, _c2008. |
||
| 300 |
_av. ; _c24 cm. |
||
| 490 | 0 |
_aArchivo General de la Nación, _v67-68 |
|
| 500 | _aIncluye índice onomástico | ||
| 500 | _aIncluye datos biográficos del autor en la solapa de la cubierta | ||
| 500 | _aIncluye notas al pie de las páginas | ||
| 505 | 0 |
_gv.1. Cosas, cartas y otras cosas -- _gv.2. Ensayos. |
|
| 590 | _aInventariado, 2021/VM | ||
| 600 | 1 | 4 |
_aBillini Aristy,Hipólito _d1850-1903 _vCorrespondencia, memorias, etc |
| 650 | 4 | _aEnsayos dominicanos | |
| 650 | 4 |
_aLitertaura dominicana _vColecciones de escritos |
|
| 651 | 4 |
_aRepública Dominicana _xHistoria _y1844-1930 _vEnsayos, conferencias, etc. |
|
| 700 | 1 |
_aBlanco Díaz, Andrés _eed. |
|
| 710 | 2 | _aArchivo General de la Nación (República Dominicana) | |
| 910 | _aVmateo V. Control de calidad. BPMSU | ||
| 942 |
_2ddc _cBK |
||
| 999 |
_c13830 _d13830 |
||